Proverbes # chats - Statistiques

Statistiques générales
  • Ce quiz a été pris 754 fois
  • Le résultat moyen est 39 sur 55
Statistiques - réponses
Hint Réponse % Correct
Récidive chat
96%
Chat
96%
d'
95%
l'
95%
Défense A
94%
a
94%
à
94%
La
92%
92%
la
92%
n'
92%
le
89%
Tom+Jerry pas
87%
Obscurité Les
86%
les
86%
souris
86%
de
84%
est
84%
Identité ne
83%
ne
83%
Quand
83%
dansent
81%
un
81%
au
80%
Solution chats
80%
chats
80%
Il
78%
sa
78%
Fête des
76%
Sommeil Donner
76%
Désert chiens
75%
langue
75%
y
75%
et
74%
Burn out font
74%
faut
71%
nuit
71%
Jouer
68%
qui
66%
appeler
65%
dort
65%
réveiller
60%
sont
60%
tous
58%
gris
57%
Avoir
47%
eau
40%
fouetter
40%
quoi
40%
autres
37%
craint
33%
froide
33%
échaudé
32%
Filiation bon
20%
Peanuts rat
19%
Aucun quiz correspondant
Distribution des résultats
% des personnes avec chaque résultat
Percentile par nombre de réponses
Votre historique - résultats
Vous n’avez pas pris ce quiz